[Event "American Continental 19th"]
[Site "Foz do Iguacu"]
[Date "2025.05.25"]
[Round "4"]
[White "Zallio, Luciano de Souza"]
[Black "Cordero, Daniela"]
[Result "1-0"]
[WhiteElo "2243"]
[BlackElo "1923"]
[PlyCount "87"]
[EventDate "2025.05.23"]
[EventType "swiss"]
[EventRounds "11"]
[EventCountry "BRA"]
[SourceTitle "CB23_2025"]
[SourceDate "2025.06.04"]
[SourceVersion "1"]
[SourceVersionDate "2025.06.04"]
[SourceQuality "1"]

1. Nf3 d5 2. b3 Nf6 3. Bb2 e6 4. g3 Bd6 5. c4 c5 6. cxd5 exd5 7. Bg2 Bf5 8. 0-0 0-0 9. d4 Nc6 10. dxc5 Bxc5 11. Nc3 Qd7 12. Rc1 Be7 13. Qd2 Rad8 14. e3 Bh3 15. Rfd1 Bxg2 16. Kxg2 Qg4 17. h3 Qd7 18. Qd3 h6 19. a3 a6 20. Na4 b5 21. Nc5 Qa7 22. b4 Qb6 23. Nh4 a5 24. bxa5 Nxa5 25. Bd4 Rfe8 26. Nf5 Bxc5 27. Rxc5 Nc4 28. Rb1 Qe6 29. Rbxb5 Ne4 30. Nxg7 Nxc5 31. Rxc5 Qe4+ 32. Qxe4 Rxe4 33. Nh5 Re6 34. Nf6+ Kf8 35. Nxd5 Nxa3 36. Nf4 Ra6 37. h4 Nb1 38. Rc2 Rb8 39. Nh5 Na3 40. Rc7 Nb5 41. Bg7+ Kg8 42. Rc4 Rg6 43. Be5 Re8 44. f4 1-0

[Event "American Continental 19th"]
[Site "Foz do Iguacu"]
[Date "2025.05.24"]
[Round "3"]
[White "Cordero, Daniela"]
[Black "Da Silva Borges, Rodrigo"]
[Result "0-1"]
[WhiteElo "1923"]
[BlackElo "2146"]
[PlyCount "62"]
[EventDate "2025.05.23"]
[EventType "swiss"]
[EventRounds "11"]
[EventCountry "BRA"]
[SourceTitle "CB23_2025"]
[SourceDate "2025.06.04"]
[SourceVersion "1"]
[SourceVersionDate "2025.06.04"]
[SourceQuality "1"]

1. d4 d5 2. Nf3 Nf6 3. c4 e6 4. g3 Be7 5. Bg2 0-0 6. Qc2 c5 7. 0-0 cxd4 8. Nxd4 Qb6 9. Nf3 Nc6 10. Be3 d4 11. Bf4 Nd7 12. Ng5 Bxg5 13. Bxg5 Nc5 14. Na3 h6 15. Bd2 Rd8 16. Rad1 e5 17. Qb1 d3 18. exd3 Bg4 19. Be3 Bxd1 20. Rxd1 Nd4 21. Bd5 a5 22. f4 Qf6 23. Rc1 exf4 24. Bxf4 Ne2+ 25. Kg2 Rxd5 26. cxd5 Qd4 27. Qc2 Qxd5+ 28. Kh3 Re8 29. Qc4 Ng1+ 30. Kh4 g5+ 31. Kh5 Qf5 0-1

[Event "Florianopolis op 11th"]
[Site "Florianopolis"]
[Date "2025.01.21"]
[Round "5"]
[White "Cordero, Daniela"]
[Black "Dos Santos, Welligton Carlos"]
[Result "1/2-1/2"]
[WhiteElo "2015"]
[BlackElo "1805"]
[PlyCount "92"]
[EventDate "2025.01.18"]
[EventType "swiss"]
[EventRounds "10"]
[EventCountry "BRA"]
[SourceTitle "CB05_2025"]
[SourceDate "2025.01.29"]
[SourceVersion "1"]
[SourceVersionDate "2025.01.29"]
[SourceQuality "1"]

1. d4 d5 2. Nf3 Nf6 3. c4 c6 4. Nc3 e6 5. e3 Be7 6. Bd3 Nbd7 7. 0-0 0-0 8. Ne5 dxc4 9. Bxc4 c5 10. Qb3 Qb6 11. Nxd7 Bxd7 12. Qxb6 axb6 13. b3 Bc6 14. Nb5 Rfd8 15. Bb2 Ne4 16. Rfd1 Bf6 17. a4 h6 18. Rac1 Bxb5 19. Bxb5 cxd4 20. Bxd4 Bxd4 21. Rxd4 Rxd4 22. exd4 Rd8 23. f3 Nd2 24. Rc7 Nxb3 25. Rxb7 Rxd4 26. Rxb6 Kf8 27. Rb8+ Ke7 28. Rb7+ Kf8 29. Kf2 Nc5 30. Ra7 Rd2+ 31. Kg3 Rb2 32. Rc7 Nb3 33. Rc8+ Ke7 34. Re8+ Kf6 35. Rc8 Ke7 36. Rg8 Nd4 37. Bd3 Rd2 38. Be4 Ne2+ 39. Kf2 Nc3+ 40. Ke3 Rxg2 41. a5 f5 42. Bb7 Kf7 43. Rc8 Nb5 44. a6 Kf6 45. Rc5 Rb2 46. Rc6 Na7 1/2-1/2

[Event "Olympiad Women-45"]
[Site "Budapest"]
[Date "2024.09.22"]
[Round "11.1"]
[White "Chuersakul, Sarocha"]
[Black "Cordero, Daniela"]
[Result "1-0"]
[WhiteElo "1906"]
[BlackElo "2017"]
[PlyCount "75"]
[EventDate "2024.09.11"]
[EventType "team-swiss"]
[EventRounds "11"]
[EventCountry "HUN"]
[SourceTitle "EXT 2025"]
[Source "ChessBase"]
[SourceDate "2024.10.14"]
[SourceVersion "1"]
[SourceVersionDate "2024.10.14"]
[SourceQuality "1"]
[WhiteTeam "Thailand (W)"]
[BlackTeam "Bolivia (W)"]
[WhiteTeamCountry "THA"]
[BlackTeamCountry "BOL"]

1. d4 e6 2. c4 f5 3. a3 a5 4. Nc3 Nf6 5. Nf3 d5 6. Bf4 Be7 7. e3 0-0 8. Be2 b6 9. 0-0 Bb7 10. Rc1 Na6 11. Qa4 c6 12. Ng5 Qd7 13. Qb3 h6 14. Nf3 g5 15. Ne5 Qd8 16. Bg3 Kg7 17. f3 Nh5 18. Bf2 Bd6 19. Na4 c5 20. Nxb6 Bxe5 21. Nxa8 Bxh2+ 22. Kxh2 Qxa8 23. Qb6 Qb8+ 24. g3 cxd4 25. exd4 f4 26. g4 Ng3 27. Bxg3 fxg3+ 28. Kg2 dxc4 29. Qxe6 Re8 30. Qd7+ Kf8 31. Bxc4 Re7 32. Qf5+ Kg7 33. Rce1 Qd6 34. Rxe7+ Qxe7 35. Re1 Qc7 36. Re8 Qxc4 37. Re7+ Kg8 38. Qg6+ 1-0

[Event "Florianopolis Winter op 8th"]
[Site "Florianopolis"]
[Date "2024.07.13"]
[Round "7"]
[White "Cordero, Daniela"]
[Black "Barbosa, Rafael Santos"]
[Result "1-0"]
[WhiteElo "2018"]
[BlackElo "1853"]
[PlyCount "99"]
[EventDate "2024.07.09"]
[EventType "swiss"]
[EventRounds "9"]
[EventCountry "BRA"]
[SourceTitle "CBM 221 Extra"]
[Source "ChessBase"]
[SourceDate "2024.09.30"]
[SourceVersion "1"]
[SourceVersionDate "2024.09.30"]
[SourceQuality "1"]

1. d4 Nf6 2. Nf3 g6 3. Nc3 d5 4. Bf4 Bg7 5. Qc1 0-0 6. Bh6 c5 7. Bxg7 Kxg7 8. Qf4 cxd4 9. Nxd4 Qa5 10. 0-0-0 Nc6 11. Nb3 Qd8 12. f3 e5 13. Qh4 Qb6 14. g4 h6 15. Qxf6+ Kxf6 16. Nxd5+ Kg7 17. Nxb6 axb6 18. Kb1 Be6 19. e3 Rfc8 20. c3 e4 21. f4 Bxg4 22. Rd5 Bf3 23. Rg1 Rd8 24. Rxd8 Rxd8 25. Nd4 Nxd4 26. cxd4 f5 27. Bc4 Kf6 28. h4 Bg4 29. Kc2 g5 30. hxg5+ hxg5 31. fxg5+ Kxg5 32. Kc3 Rd6 33. d5 f4 34. exf4+ Kxf4 35. Kd4 Rf6 36. b4 Rh6 37. Rxg4+ Kxg4 38. Kxe4 Kg5 39. Ke5 Rh1 40. Ke6 Re1+ 41. Kd7 Kf6 42. Bb3 Re3 43. Kc7 Rc3+ 44. Kxb6 Ke5 45. Kxb7 Kd6 46. b5 Rc7+ 47. Ka6 Rc8 48. b6 Rh8 49. Ka7 Kd7 50. b7 1-0

[Event "Florianopolis Winter op 8th"]
[Site "Florianopolis"]
[Date "2024.07.12"]
[Round "6"]
[White "De Haro, Martim Alfonso"]
[Black "Cordero, Daniela"]
[Result "0-1"]
[WhiteElo "1819"]
[BlackElo "2018"]
[PlyCount "69"]
[EventDate "2024.07.09"]
[EventType "swiss"]
[EventRounds "9"]
[EventCountry "BRA"]
[SourceTitle "CBM 221 Extra"]
[Source "ChessBase"]
[SourceDate "2024.09.30"]
[SourceVersion "1"]
[SourceVersionDate "2024.09.30"]
[SourceQuality "1"]

1. e4 e6 2. d4 d5 3. Nc3 Nf6 4. Bg5 Bb4 5. exd5 Qxd5 6. Bxf6 Bxc3+ 7. bxc3 gxf6 8. Qd2 c5 9. Nf3 Nc6 10. Be2 Rg8 11. 0-0 c4 12. Rfe1 Bd7 13. Nh4 0-0-0 14. g3 Ne5 15. Qf4 Bc6 16. f3 Nd7 17. Ng2 Qa5 18. Ne3 Qxc3 19. Nxc4 e5 20. dxe5 fxe5 21. Qe3 Qxe3+ 22. Nxe3 Kc7 23. Kf2 Nb6 24. Red1 Na4 25. Rxd8 Rxd8 26. Rd1 Rxd1 27. Nxd1 Bd5 28. Bb5 Nc3 29. Nxc3 Be6 30. a3 a6 31. Bf1 b5 32. Ke3 Kb6 33. Kd2 f5 34. Bg2 h5 35. h4 0-1

[Event "Florianopolis Winter op 8th"]
[Site "Florianopolis"]
[Date "2024.07.09"]
[Round "1"]
[White "Cordero, Daniela"]
[Black "Abdalla, Umar Mohammad"]
[Result "1-0"]
[WhiteElo "2018"]
[BlackElo "1609"]
[PlyCount "53"]
[EventDate "2024.07.09"]
[EventType "swiss"]
[EventRounds "9"]
[EventCountry "BRA"]
[SourceTitle "CBM 221 Extra"]
[Source "ChessBase"]
[SourceDate "2024.09.30"]
[SourceVersion "1"]
[SourceVersionDate "2024.09.30"]
[SourceQuality "1"]

1. d4 d5 2. Nf3 Nc6 3. Bf4 Nf6 4. c4 e6 5. e3 a6 6. Nbd2 Bd6 7. Bg3 0-0 8. Bd3 dxc4 9. Nxc4 Bb4+ 10. Kf1 h6 11. h4 Nh5 12. Bh2 Nf6 13. Nce5 Bd7 14. g4 Nd5 15. g5 Be8 16. gxh6 g6 17. h5 Nxe5 18. Bxe5 Kh7 19. Bg7 Rg8 20. hxg6+ fxg6 21. Rg1 Rxg7 22. hxg7 Kxg7 23. Ne5 Qf6 24. Ke2 Ne7 25. Qb3 Bd6 26. Nxg6 Bc6 27. Nxe7+ 1-0

[Event "BOL-ch (Women)"]
[Site "Oruro"]
[Date "2024.04.06"]
[Round "5"]
[White "Cordero, Daniela"]
[Black "Moscoso Paz, Esther Angela"]
[Result "1-0"]
[WhiteElo "2009"]
[BlackElo "1642"]
[PlyCount "95"]
[EventDate "2024.04.03"]
[EventType "tourn"]
[EventRounds "7"]
[EventCountry "BOL"]
[SourceTitle "CBM 219 Extra"]
[Source "ChessBase"]
[SourceDate "2024.05.31"]
[SourceVersion "1"]
[SourceVersionDate "2024.05.31"]
[SourceQuality "1"]

1. d4 Nf6 2. c4 g6 3. Nc3 d5 4. Nf3 Bg7 5. Qb3 c6 6. cxd5 Nxd5 7. e4 Nxc3 8. bxc3 0-0 9. Be3 Nd7 10. Be2 Nf6 11. Qc2 Ng4 12. Bd2 Qc7 13. h3 Nf6 14. 0-0 Nd7 15. Rad1 e5 16. Qc1 c5 17. d5 c4 18. a4 Nc5 19. Qc2 Bd7 20. Ra1 Nb3 21. Ra2 f5 22. Bg5 Bf6 23. Bh6 Bg7 24. Bxg7 Kxg7 25. Bxc4 Nc5 26. exf5 Bxf5 27. Qe2 Ne4 28. Ra3 Qc5 29. Rb3 Nd6 30. Qxe5+ Kg8 31. Be2 Rae8 32. Qd4 Qc8 33. Ne5 Bc2 34. Rb4 Nf5 35. Qd2 Rxe5 36. Qxc2 Nd6 37. Qd3 Qe8 38. Bg4 Re1 39. Be6+ Rxe6 40. dxe6 Qxe6 41. Rd1 Rf6 42. Qd5 Kf7 43. Rbd4 Nf5 44. Qd7+ Kg8 45. Qxe6+ Rxe6 46. Rd7 Rc6 47. Rxb7 Rxc3 48. Rd8# 1-0

[Event "Sao Paulo Sampa op"]
[Site "Sao Paulo"]
[Date "2024.02.01"]
[Round "5"]
[White "Matiuci, Bernardo Steinle"]
[Black "Cordero, Daniela"]
[Result "0-1"]
[WhiteElo "1546"]
[BlackElo "2012"]
[PlyCount "64"]
[EventDate "2024.01.29"]
[EventType "swiss"]
[EventRounds "9"]
[EventCountry "BRA"]
[SourceTitle "CBM 218 Extra"]
[Source "ChessBase"]
[SourceDate "2024.03.31"]
[SourceVersion "1"]
[SourceVersionDate "2024.03.31"]
[SourceQuality "1"]

1. d4 d5 2. c4 c6 3. Nc3 Nf6 4. Nf3 a6 5. e3 dxc4 6. a4 e6 7. Be2 Bb4 8. Nd2 Bxc3 9. bxc3 b5 10. axb5 cxb5 11. Ba3 Bb7 12. 0-0 Nc6 13. Rb1 Qc7 14. Bf3 0-0-0 15. Qe2 h5 16. e4 g5 17. e5 Nd5 18. Rfc1 Nf4 19. Qe3 Na5 20. Bd6 Rxd6 21. exd6 Qxd6 22. Ne4 Bxe4 23. Qxe4 Nd5 24. Rb2 g4 25. Bd1 f5 26. Qe1 Nf4 27. Rd2 Qd5 28. f3 Nd3 29. Rxd3 cxd3 30. c4 Nxc4 31. Qa5 Qxd4+ 32. Kh1 Kb7 0-1

[Event "Sao Paulo Sampa op"]
[Site "Sao Paulo"]
[Date "2024.01.30"]
[Round "2"]
[White "Cordero, Daniela"]
[Black "Aragao Neto, Joao Batista"]
[Result "1-0"]
[WhiteElo "2012"]
[BlackElo "1605"]
[PlyCount "72"]
[EventDate "2024.01.29"]
[EventType "swiss"]
[EventRounds "9"]
[EventCountry "BRA"]
[SourceTitle "CBM 218 Extra"]
[Source "ChessBase"]
[SourceDate "2024.03.31"]
[SourceVersion "1"]
[SourceVersionDate "2024.03.31"]
[SourceQuality "1"]

1. d4 Nf6 2. Nf3 g6 3. c4 Bg7 4. g3 d6 5. Bg2 0-0 6. 0-0 c6 7. Nc3 Nbd7 8. e4 e5 9. h3 a5 10. b3 Re8 11. Be3 exd4 12. Nxd4 Nc5 13. Qc2 Qe7 14. Rfe1 Nfd7 15. Rad1 Nf8 16. f4 Nfe6 17. Nde2 Bd7 18. Bf2 Rad8 19. Bf3 Na6 20. Bb6 Rb8 21. Nb1 a4 22. b4 Rec8 23. Qxa4 c5 24. b5 Nac7 25. Qc2 Nd4 26. Nxd4 Bxd4+ 27. Kh2 h5 28. Rxd4 cxd4 29. Bxd4 Nxb5 30. Ba1 Be6 31. Qb2 f6 32. cxb5 Kf7 33. f5 Bc4 34. fxg6+ Kxg6 35. Nc3 Be6 36. Rf1 Rf8 1-0

[Event "Sao Paulo Sampa op"]
[Site "Sao Paulo"]
[Date "2024.01.29"]
[Round "1"]
[White "Fier, Alexandr"]
[Black "Cordero, Daniela"]
[Result "1-0"]
[WhiteElo "2553"]
[BlackElo "2012"]
[PlyCount "81"]
[EventDate "2024.01.29"]
[EventType "swiss"]
[EventRounds "9"]
[EventCountry "BRA"]
[SourceTitle "CBM 218 Extra"]
[Source "ChessBase"]
[SourceDate "2024.03.31"]
[SourceVersion "1"]
[SourceVersionDate "2024.03.31"]
[SourceQuality "1"]

1. d4 e6 2. c4 f5 3. Nc3 Nf6 4. e3 Bb4 5. Qc2 0-0 6. Bd3 Nc6 7. Nge2 Bxc3+ 8. bxc3 b6 9. h3 Bb7 10. Rg1 Ne4 11. f3 Nd6 12. Ba3 Qh4+ 13. g3 Qf6 14. c5 bxc5 15. Bxc5 Ne7 16. Rf1 Nd5 17. Kd2 Qh6 18. Nf4 Nxf4 19. gxf4 Qxh3 20. Be2 Qg2 21. Qd3 a5 22. Rg1 Qf2 23. Raf1 Qh4 24. Rh1 Qd8 25. c4 Rf6 26. Qa3 Nc8 27. Qb3 Ba6 28. d5 Rg6 29. e4 exd5 30. cxd5 d6 31. Bxa6 Rxa6 32. Bd4 Rg2+ 33. Rf2 Rxf2+ 34. Bxf2 Ne7 35. Qb7 Ra8 36. Bh4 Qc8 37. Qxc8+ Nxc8 38. Rc1 c5 39. dxc6 Kf7 40. exf5 a4 41. Rb1 1-0

[Event "Florianopolis op 10th"]
[Site "Florianopolis"]
[Date "2024.01.23"]
[Round "5"]
[White "Cordero, Daniela"]
[Black "Vitielo, Alecio Elias"]
[Result "1-0"]
[WhiteElo "2028"]
[BlackElo "1768"]
[PlyCount "59"]
[EventDate "2024.01.20"]
[EventType "swiss"]
[EventRounds "10"]
[EventCountry "BRA"]
[SourceTitle "CBM 218 Extra"]
[Source "ChessBase"]
[SourceDate "2024.03.31"]
[SourceVersion "1"]
[SourceVersionDate "2024.03.31"]
[SourceQuality "1"]

1. d4 d5 2. Nf3 Nf6 3. c4 e6 4. g3 c5 5. cxd5 exd5 6. Bg2 Nc6 7. 0-0 cxd4 8. Nxd4 Bc5 9. Nb3 Be7 10. Nc3 Be6 11. Nb5 0-0 12. Bf4 Rc8 13. Rc1 a6 14. N5d4 Bg4 15. h3 Nxd4 16. Nxd4 Bd7 17. Qd3 Ne4 18. Rxc8 Bxc8 19. Rd1 Re8 20. Qb3 Bc5 21. Be3 Qe7 22. Rc1 Ba7 23. Nf5 Bxf5 24. Bxa7 Ng5 25. h4 Nh3+ 26. Kh2 Qd7 27. Rd1 b5 28. Qxd5 Qxa7 29. Qxf5 Nxf2 30. Rd7 1-0

[Event "Oruro Baptista Memorial"]
[Site "Oruro"]
[Date "2023.11.04"]
[Round "7"]
[White "Cordero, Daniela"]
[Black "Rios Gomez, Cristhian Camilo"]
[Result "1/2-1/2"]
[WhiteElo "2029"]
[BlackElo "2475"]
[PlyCount "33"]
[EventDate "2023.11.01"]
[EventType "swiss"]
[EventRounds "9"]
[EventCountry "BOL"]
[SourceTitle "CBM 217 Extra"]
[Source "ChessBase"]
[SourceDate "2024.01.31"]
[SourceVersion "1"]
[SourceVersionDate "2024.01.31"]
[SourceQuality "1"]

1. d4 d5 2. Nf3 e6 3. c4 Nf6 4. g3 dxc4 5. Qa4+ Nbd7 6. Bg2 a6 7. Qxc4 b5 8. Qc2 Bb7 9. Bd2 c5 10. dxc5 Bxc5 11. Nc3 Rc8 12. a3 Ne5 13. 0-0 Nc4 14. Bg5 h6 15. Rad1 Qe7 16. Bc1 0-0 17. e4 1/2-1/2

[Event "Oruro Baptista Memorial"]
[Site "Oruro"]
[Date "2023.11.03"]
[Round "6"]
[White "Mollo Figueroa, Nicole"]
[Black "Cordero, Daniela"]
[Result "0-1"]
[WhiteElo "1645"]
[BlackElo "2029"]
[PlyCount "68"]
[EventDate "2023.11.01"]
[EventType "swiss"]
[EventRounds "9"]
[EventCountry "BOL"]
[SourceTitle "CBM 217 Extra"]
[Source "ChessBase"]
[SourceDate "2024.01.31"]
[SourceVersion "1"]
[SourceVersionDate "2024.01.31"]
[SourceQuality "1"]

1. d4 e6 2. Nf3 f5 3. c4 Nf6 4. Nc3 d5 5. a3 c6 6. c5 Be7 7. b4 0-0 8. Ne5 Ne4 9. Qd3 a5 10. Bb2 axb4 11. axb4 Rxa1+ 12. Bxa1 b6 13. f3 bxc5 14. dxc5 Nxc5 15. bxc5 Qa5 16. Qb1 Bxc5 17. Qa2 Qb6 18. Nd3 Bd4 19. Nd1 Nd7 20. Bxd4 Qxd4 21. e3 Qb6 22. Qb2 Qa7 23. Be2 Ba6 24. Qa3 Ra8 25. Qd6 Nf8 26. Qxc6 Rc8 27. Qa4 Qb6 28. Qb4 Qc7 29. Qb2 Qa5+ 30. Qd2 Qa3 31. 0-0 Rb8 32. Qc1 Qa2 33. Nc3 Qa5 34. Ne5 Rc8 0-1

[Event "Oruro Baptista Memorial"]
[Site "Oruro"]
[Date "2023.11.02"]
[Round "3"]
[White "Cordero, Daniela"]
[Black "Velarde Alarcon, Jhoana"]
[Result "1-0"]
[WhiteElo "2029"]
[BlackElo "1375"]
[PlyCount "82"]
[EventDate "2023.11.01"]
[EventType "swiss"]
[EventRounds "9"]
[EventCountry "BOL"]
[SourceTitle "CBM 217 Extra"]
[Source "ChessBase"]
[SourceDate "2024.01.31"]
[SourceVersion "1"]
[SourceVersionDate "2024.01.31"]
[SourceQuality "1"]

1. d4 Nf6 2. Nf3 e6 3. e3 c5 4. Bd3 d5 5. b3 Nc6 6. 0-0 Bd6 7. Bb2 cxd4 8. exd4 0-0 9. a3 a6 10. Nbd2 Qc7 11. Re1 Nd7 12. c4 b6 13. cxd5 exd5 14. Rc1 Bb7 15. Ne5 Bxe5 16. dxe5 Rfe8 17. Nf3 h6 18. Bb1 Qb8 19. Qd3 g6 20. e6 Qd6 21. exd7 Qxd7 22. Qc3 d4 23. Nxd4 Ne5 24. Rxe5 Rxe5 25. Nf3 Rc8 26. Qxe5 Rxc1+ 27. Bxc1 Bxf3 28. gxf3 Qd1+ 29. Kg2 Qxc1 30. Bd3 Qxa3 31. Qe8+ Qf8 32. Qxf8+ Kxf8 33. Bxa6 Ke7 34. f4 f6 35. Kf3 Kd6 36. Ke4 f5+ 37. Kd4 g5 38. Bc8 gxf4 39. Bxf5 h5 40. Ke4 Kc5 41. Kxf4 Kd4 1-0

[Event "Oruro Baptista Memorial"]
[Site "Oruro"]
[Date "2023.11.01"]
[Round "1"]
[White "Cordero, Daniela"]
[Black "Ricaldez Martinez, Rodrigo"]
[Result "1-0"]
[WhiteElo "2029"]
[BlackElo "1239"]
[PlyCount "59"]
[EventDate "2023.11.01"]
[EventType "swiss"]
[EventRounds "9"]
[EventCountry "BOL"]
[SourceTitle "CBM 217 Extra"]
[Source "ChessBase"]
[SourceDate "2024.01.31"]
[SourceVersion "1"]
[SourceVersionDate "2024.01.31"]
[SourceQuality "1"]

1. d4 d5 2. Nf3 Nf6 3. c4 c6 4. Qc2 e6 5. Bf4 Bd6 6. Bxd6 Qxd6 7. e3 0-0 8. Bd3 Nbd7 9. 0-0 e5 10. cxd5 cxd5 11. dxe5 Nxe5 12. Nxe5 Qxe5 13. Nd2 Bg4 14. h3 Bh5 15. Rac1 Rfc8 16. Qxc8+ Rxc8 17. Rxc8+ Ne8 18. Bb5 f6 19. Nf3 Qe6 20. Rfc1 a6 21. Nd4 Qe4 22. Bd7 h6 23. Rd8 Kf8 24. Rcc8 Bg6 25. Bxe8 Bxe8 26. Rxe8+ Qxe8 27. Rxe8+ Kxe8 28. Ne6 Kf7 29. Nd8+ Ke7 30. Nxb7 1-0

[Event "BOL-ch (Women)"]
[Site "Santa Cruz"]
[Date "2023.06.10"]
[Round "5"]
[White "Cordero, Daniela"]
[Black "Yepez Montenegro, Gloria Luz"]
[Result "0-1"]
[WhiteElo "2045"]
[BlackElo "1649"]
[PlyCount "120"]
[EventDate "2023.06.07"]
[EventType "tourn"]
[EventRounds "7"]
[EventCountry "BOL"]
[SourceTitle "CBM 215 Extra"]
[Source "ChessBase"]
[SourceDate "2023.09.30"]
[SourceVersion "1"]
[SourceVersionDate "2023.09.30"]
[SourceQuality "1"]

1. d4 d5 2. Nf3 Nf6 3. c4 e6 4. Nc3 Be7 5. g3 0-0 6. Bg2 h6 7. 0-0 b6 8. cxd5 exd5 9. a4 Bb7 10. Bf4 Na6 11. Qc1 c5 12. Rd1 Nc7 13. a5 c4 14. Nd2 Qc8 15. e4 Rd8 16. Qc2 Na6 17. b3 Nb4 18. Qb1 cxb3 19. Qxb3 Nc6 20. exd5 Nxd4 21. Qb2 Qxc3 22. Qxc3 Ne2+ 23. Kh1 Nxc3 24. Re1 Bd6 25. Bxd6 Rxd6 26. Nc4 Rdd8 27. axb6 axb6 28. Rxa8 Bxa8 29. Nxb6 Bxd5 30. Nxd5 Nfxd5 31. Bf3 Kf8 32. Kg2 Rb8 33. Re5 Rd8 34. h4 f6 35. Re1 Re8 36. Ra1 g6 37. Ra5 Ne7 38. Ra6 Kf7 39. Ra3 Nb5 40. Rd3 Rc8 41. Rd7 Rc7 42. Rd8 Na7 43. h5 g5 44. Rd6 Nac8 45. Ra6 Ra7 46. Be2 Rxa6 47. Bxa6 Nd6 48. g4 Ke6 49. Bd3 Ke5 50. Kg3 Ne4+ 51. Kf3 Nc5 52. Bb1 Nc6 53. Ke3 Nd4 54. f3 Nde6 55. Bf5 Nf4 56. Bb1 Nd5+ 57. Kf2 Kf4 58. Bg6 Nb4 59. Ke2 Nc6 60. Bf7 Nd4+ 0-1

[Event "BOL-ch (Women)"]
[Site "Santa Cruz"]
[Date "2023.06.08"]
[Round "3"]
[White "Cordero, Daniela"]
[Black "Coro, Soledad"]
[Result "0-1"]
[WhiteElo "2045"]
[BlackElo "1629"]
[PlyCount "102"]
[EventDate "2023.06.07"]
[EventType "tourn"]
[EventRounds "7"]
[EventCountry "BOL"]
[SourceTitle "CBM 215 Extra"]
[Source "ChessBase"]
[SourceDate "2023.09.30"]
[SourceVersion "1"]
[SourceVersionDate "2023.09.30"]
[SourceQuality "1"]

1. d4 Nf6 2. Nf3 c5 3. d5 d6 4. Nc3 g6 5. e4 Bg7 6. Bf4 Nh5 7. Bg5 h6 8. Be3 Qa5 9. Bd2 Bd7 10. Be2 Qb6 11. a4 a5 12. 0-0 0-0 13. Ne1 Nf6 14. Bc4 Na6 15. h3 Nb4 16. Ra3 Kh7 17. Bf4 Ng8 18. Qe2 f5 19. e5 g5 20. e6 Be8 21. Bc1 Nf6 22. Qd1 Bg6 23. Ne2 Bh5 24. f3 Rac8 25. c3 Na6 26. Ng3 Bg6 27. f4 g4 28. hxg4 Nxg4 29. Nf3 Bf6 30. Nh2 h5 31. Nf3 h4 32. Ne2 Kg7 33. Ng5 Rh8 34. Rb3 Qa7 35. Bxa6 c4+ 36. Nd4 cxb3 37. Be2 Bxd4+ 38. cxd4 Nf6 39. Qxb3 Qxd4+ 40. Be3 Qxd5 41. Qxd5 Nxd5 42. Bd4+ Nf6 43. Bf3 Rc4 44. Rd1 Rxa4 45. Bxb7 Bh5 46. Rd2 Rb8 47. Bf3 Be8 48. Bd1 Rc4 49. Kh2 Bc6 50. Kh3 Kg6 51. Kxh4 Rbb4 0-1

[Event "Florianopolis op 9th"]
[Site "Florianopolis"]
[Date "2023.01.28"]
[Round "8"]
[White "Cordero, Daniela"]
[Black "Almiron, Antonio"]
[Result "1/2-1/2"]
[WhiteElo "2027"]
[BlackElo "2334"]
[PlyCount "20"]
[EventDate "2023.01.23"]
[EventType "swiss"]
[EventRounds "10"]
[EventCountry "BRA"]
[SourceTitle "CBM 212 Extra"]
[Source "ChessBase"]
[SourceDate "2023.03.31"]
[SourceVersion "1"]
[SourceVersionDate "2023.03.31"]
[SourceQuality "1"]

1. d4 Nf6 2. Nf3 g6 3. c4 Bg7 4. g3 c5 5. Bg2 0-0 6. 0-0 Nc6 7. Nc3 d6 8. dxc5 dxc5 9. Bd2 Bf5 10. Qc1 Ne4 1/2-1/2

[Event "Florianopolis op 9th"]
[Site "Florianopolis"]
[Date "2023.01.26"]
[Round "6"]
[White "Di Berardino, Diego Rafael"]
[Black "Cordero, Daniela"]
[Result "1-0"]
[WhiteElo "2458"]
[BlackElo "2027"]
[PlyCount "83"]
[EventDate "2023.01.23"]
[EventType "swiss"]
[EventRounds "10"]
[EventCountry "BRA"]
[SourceTitle "CBM 212 Extra"]
[Source "ChessBase"]
[SourceDate "2023.03.31"]
[SourceVersion "1"]
[SourceVersionDate "2023.03.31"]
[SourceQuality "1"]

1. Nf3 Nf6 2. c4 c6 3. d4 d5 4. Nc3 a6 5. e3 b5 6. b3 e6 7. Bd3 Be7 8. 0-0 0-0 9. Qc2 Nbd7 10. Bb2 Bb7 11. a4 b4 12. Ne2 c5 13. cxd5 exd5 14. dxc5 Rc8 15. Ned4 Bxc5 16. Qe2 a5 17. Nf5 Re8 18. Bb5 Re6 19. Rac1 Bf8 20. Ng5 Rb6 21. Bd4 Nc5 22. Qb2 h6 23. Nh3 Ba6 24. Nf4 Bxb5 25. axb5 Qd7 26. Nxg7 Bxg7 27. Rxc5 Rxc5 28. Bxc5 Rxb5 29. Bd4 Ne8 30. Bxg7 Nxg7 31. Rd1 Qf5 32. Qd2 Rc5 33. Nxd5 Kf8 34. e4 Qe6 35. Qd4 Rc2 36. h3 h5 37. Qa7 Ne8 38. Qxa5 Qxe4 39. Ne3 Rc3 40. Qxh5 Rxb3 41. Qh8+ Ke7 42. Nd5+ 1-0

[Event "Florianopolis op 9th"]
[Site "Florianopolis"]
[Date "2023.01.25"]
[Round "4"]
[White "Cordero, Daniela"]
[Black "Aranha Filho, Alvaro Zimmermann"]
[Result "1-0"]
[WhiteElo "2027"]
[BlackElo "2171"]
[PlyCount "77"]
[EventDate "2023.01.23"]
[EventType "swiss"]
[EventRounds "10"]
[EventCountry "BRA"]
[SourceTitle "CBM 212 Extra"]
[Source "ChessBase"]
[SourceDate "2023.03.31"]
[SourceVersion "1"]
[SourceVersionDate "2023.03.31"]
[SourceQuality "1"]

1. d4 Nf6 2. Nf3 e6 3. c4 Bb4+ 4. Bd2 a5 5. Qc2 d6 6. e4 e5 7. d5 0-0 8. h3 Na6 9. a3 Bxd2+ 10. Nbxd2 Nc5 11. b3 Nh5 12. Rb1 f5 13. Rb2 fxe4 14. Nxe4 Nxe4 15. Qxe4 Rf4 16. Qe3 Bf5 17. Be2 Bg6 18. 0-0 Re4 19. Qc3 Nf4 20. Bd1 Qf6 21. Rd2 Bf5 22. Ne1 Rd4 23. Kh2 b6 24. Nf3 Qg6 25. Rg1 Rxd2 26. Nxd2 Rf8 27. Qe3 Qh6 28. g4 Bd3 29. Rg3 g5 30. Bf3 Qh4 31. Bg2 Nxg2 32. Kxg2 Bg6 33. Nf3 Qh6 34. Nxg5 e4 35. Nxe4 Qg7 36. Ng5 Qb2 37. Rf3 Re8 38. Ne6 Qb1 39. Qh6 1-0